LEADER 01219nam0-2200337---450- 001 990009723490403321 005 20130506101358.0 010 $a9251030618 035 $a000972349 035 $aFED01000972349 035 $a(Aleph)000972349FED01 035 $a000972349 100 $a20130506d1991----km-y0itay50------ba 101 0 $aeng 102 $aIT 105 $ay-------001yy 200 1 $aResidues of some veterinary drugs in animals and foods$emonographs prepared by the thirty-sixth meeting of the joint FAO/WHO expert committee on food additives$eRome, 5-14 February 1990 210 $aRome$cFAO$d1991 215 $aX, 119 p.$d30 cm 300 $aIn cop.: Benzyl penicillin, Carbadox, Closantel, Ivermectin, Levamisole, Olaquindox, Oxytetracycline 610 0 $aTossicologia veterinaria$aCongressi$a1990 610 0 $aAlimenti di origine animale$aTossicologia$aCongressi$a1990 676 $a363.192 710 02$aJoint FAO-WHO Expert Committee on food additives$0519935 801 0$aIT$bUNINA$gRICA$2UNIMARC 901 $aBK 912 $a990009723490403321 952 $aTal 22b$fDMVTO 959 $aDMVTO 996 $aResidues of some veterinary drugs in animals and foods$9841832 997 $aUNINA LEADER 02332nas 2200613-- 450 001 9910333252103321 005 20220218213020.0 011 $a2452-1523 035 $a(OCoLC)2146637 035 $a(CKB)991042726961792 035 $a(CONSER)---80642966- 035 $a(EXLCZ)99991042726961792 100 $a20760429b19721991 --- a 101 0 $aeng 181 $ctxt$2rdacontent 182 $cn$2rdamedia 183 $anc$2rdacarrier 200 10$aCanadian Institute of Food Science and Technology journal$eJournal de l'Institut canadien de science et technologie alimentaire 210 $aToronto$cPergamon Press 215 $a20 volumes$cillustrations$d28 cm 300 $aIncludes index. 311 $a0315-5463 330 $aIncludes institute news and reports of its conferences, institutes, and section meetings. 517 3 $aJournal de l'Institut canadien de science et technologie alimentaire 531 $aCAN INST F SCI TEC J 531 $aCANADIAN INSTITUTE OF FOOD SCIENCE & TECHNOLOGY JOURNAL 531 0 $aCan. Inst. Food Sci. Technol. j. 606 $aFood industry and trade$vPeriodicals 606 $aFood industry and trade$zCanada$vPeriodicals 606 $aFood industry and trade$xPeriodicals 606 $aFood industry and trade$zCanada$xPeriodicals 606 $aFood Technology 606 $aFood-Processing Industry 606 $aAliments$xIndustrie et commerce$xPériodiques 606 $aAliments$xIndustrie et commerce$zCanada$xPériodiques 606 $aFood industry and trade$2fast$3(OCoLC)fst00930843 607 $aCanada$2fast 608 $aPeriodical 608 $aPeriodicals.$2fast 615 0$aFood industry and trade 615 0$aFood industry and trade 615 0$aFood industry and trade$xPeriodicals. 615 0$aFood industry and trade$xPeriodicals. 615 2$aFood Technology 615 2$aFood-Processing Industry 615 6$aAliments$xIndustrie et commerce$xPériodiques. 615 6$aAliments$xIndustrie et commerce$xPériodiques. 615 7$aFood industry and trade. 676 $a664/.005 712 02$aCanadian Institute of Food Science and Technology. 906 $aJOURNAL 912 $a9910333252103321 996 $aCanadian Institute of Food Science and Technology journal$92439989 997 $aUNINA LEADER 04627nam 2201033 450 001 9910823026203321 005 20230803195406.0 010 $a0-520-95806-3 024 7 $a10.1525/9780520958067 035 $a(CKB)2670000000529465 035 $a(EBL)1645300 035 $a(SSID)ssj0001133156 035 $a(PQKBManifestationID)11574209 035 $a(PQKBTitleCode)TC0001133156 035 $a(PQKBWorkID)11157395 035 $a(PQKB)11427025 035 $a(MiAaPQ)EBC1645300 035 $a(OCoLC)871860643 035 $a(MdBmJHUP)muse32345 035 $a(DE-B1597)520190 035 $a(OCoLC)1100562983 035 $a(DE-B1597)9780520958067 035 $a(Au-PeEL)EBL1645300 035 $a(CaPaEBR)ebr10843142 035 $a(CaONFJC)MIL579398 035 $a(OCoLC)900214477 035 $a(EXLCZ)992670000000529465 100 $a20131213h20142014 uy| 0 101 0 $aeng 135 $aurcnu|||||||| 181 $ctxt 182 $cc 183 $acr 200 10$aVoicing subjects $epublic intimacy and mediation in Kathmandu /$fLaura Kunreuther 210 1$aBerkeley :$cUniversity of California Press,$d[2014] 210 4$d©2014 215 $a1 online resource (323 p.) 225 1 $aSouth Asia across the disciplines 300 $aDescription based upon print version of record. 311 $a0-520-27070-3 311 $a0-520-27068-1 320 $aIncludes bibliographical references and index. 327 $aList of illustrations -- Introduction: public intimacy and voicing subjects in Kathmandu -- Intimate callings and voices of reform : law, property, and familial love -- Seeing face/hearing voice : tactile vision and signs of presence -- Making waves : social and political context of FM radio -- Mero kath, mero gt : affective publics, public intimacy, and voiced writing -- Diasporic voices : sounds of the diaspora in Kathmandu -- Epilogue: royal victims, voicing subjects -- Notes -- References -- Index. 330 $aVoicing Subjects traces the relation between public speech and notions of personal interiority in Kathmandu.  It explores two seemingly distinct formations of voice that have emerged in the midst of the country's recent political and economic upheavals: a political voice associated with civic empowerment and collective agency, and an intimate voice associated with emotional proximity and authentic feeling.  Both are produced and circulated through the media, especially through interactive technologies. The author argues that these two formations of voice are mutually constitutive and aligned with modern ideologies of democracy and neoliberal economic projects.  This ethnography is set during an extraordinary period in Nepal's history that has seen a relatively peaceful 1990 revolution that re-established democracy, a Maoist civil war, and the massacre of the royal family.  These dramatic changes have been accompanied by the proliferation of intimate and political discourse in the expanding public sphere, making the figure of voice ever more critical to an understanding of emerging subjectivity, structural change and cultural mediation. 410 0$aSouth Asia across the disciplines. 606 $aMass media$zNepal$zKathmandu 606 $aCommunication$xPolitical aspects$zNepal$zKathmandu 610 $a1990 revolution. 610 $aasia scholars. 610 $aasian studies. 610 $acivic empowerment. 610 $acollective agency. 610 $acultural mediation. 610 $ademocracy. 610 $aeconomic change. 610 $aemotional experiences. 610 $aethnographers. 610 $aethnography. 610 $ahistorians. 610 $ainteractive technologies. 610 $ainteriority. 610 $aintimate voice. 610 $akathmandu. 610 $amaoist civil war. 610 $amedia studies. 610 $amediation. 610 $amodern history. 610 $amodern ideologies. 610 $aneoliberalism. 610 $anepal. 610 $apersonal life. 610 $apolitical history. 610 $apolitical turmoil. 610 $apolitical voice. 610 $apublic intimacy. 610 $apublic speech. 610 $asouth asia. 615 0$aMass media 615 0$aCommunication$xPolitical aspects 676 $a302.2095496 686 $aLB 39390$2rvk 700 $aKunreuther$b Laura$f1969-$01685699 801 0$bMiAaPQ 801 1$bMiAaPQ 801 2$bMiAaPQ 906 $aBOOK 912 $a9910823026203321 996 $aVoicing subjects$94058026 997 $aUNINA